Cien años de soledad / Gabriel García Márquez

Cien Años de Soledad, considerada una de las joyas de la literatura latinoamericana, relata la historia y la cotidianidad de la familia Buendía, fundadores de un pueblo ficticio bautizado como Macondo, ambientada en la Colombia de mediados del siglo XIX y el siglo XX. La novela gira en torno a las d...

Olles dieđut

Furkejuvvon:
Bibliográfalaš dieđut
Váldodahkki: García Márquez, Gabriel
Materiálatiipa: Girji
Giella:Undetermined
Almmustuhtton: Madrid, España Cátedra 1997
Preanttus:8
Fáttát:
Fáddágilkorat: Lasit fáddágilkoriid
Eai fáddágilkorat, Lasit vuosttaš fáddágilkora!

MARC

LEADER 00000nam a2200000Ia 4500
008 170316s9999 xx 000 0 und d
040 |a cru BVZT 
090 |a 860 G-12c 
100 |a García Márquez, Gabriel 
245 |a Cien años de soledad / Gabriel García Márquez 
250 |a 8 
260 |a Madrid, España 
260 |b Cátedra 
260 |c 1997 
300 |a 559 páginas 
520 |a Cien Años de Soledad, considerada una de las joyas de la literatura latinoamericana, relata la historia y la cotidianidad de la familia Buendía, fundadores de un pueblo ficticio bautizado como Macondo, ambientada en la Colombia de mediados del siglo XIX y el siglo XX. La novela gira en torno a las desavenidas que le suceden a siete generaciones de dicha familia, en donde particularmente predomina, la repetición de nombres de una generación a otra, el encanto por el misterio y el surrealismo de un sin fin de situaciones por las que pasan junto a los demás personajes de la obra. 
650 |a LITERATURA LATINOAMERICANA  |9 15 
650 |a NOVELA  |9 13 
650 |a REALISMO MÁGICO 
942 0 0 |0 3  |2 z  |c 4 D 
999 |c 8692  |d 8692